000 02235nam a22003137a 4500
005 20110801154550.0
010 _aB-435753-757
020 _c20.00
_a8182634431
035 _aB-435753-757
037 _bब्लयूबेरी बुक्स
082 _a
100 _aशयामला, एस.
_931325
245 _aपत्ते ही पत्ते /
_cएस.शयामला; मनिष चव्हाण द्वारा चित्रांकित ; अजरा यास्मीन डांगे द्वारा अनुदित
246 _aPatte hi patte
_bby S. Shyamala
260 _aनई दिल्ली
_bप्रथम बुक्स
_c2006
270 _a3-6-752 ,हिमायत नगर,
_bहैदराबाद
_e500029
_k
_l
_m
300 _a16पृ.;
_c17x17सेमी (अजिल्द)
_bसचित्र
490 _a
_931326
500 _a
700 _aमनिष चव्हाण
_930654
700 _aडांगे , अजरा यास्मीन
_930679
942 _2ddc
_cCH
_mशयाम
_h
999 _c54634
_d54634